Convivencia escolar : ensayos y experiencias /
Guardado en:
| Autor Principal: | |
|---|---|
| Formato: | Libro |
| Publicado: |
Buenos Aires :
Lugar,
2004
|
| Materias: | |
| Etiquetas: |
Agregar Etiqueta
Sin Etiquetas, Sea el primero en etiquetar este registro!
|
| LEADER | 01406nam a22001935a 4500 | ||
|---|---|---|---|
| 001 | CEM.cems013169 | ||
| 005 | 20090908092639.0 | ||
| 008 | 130507s2004##################000#0#####d | ||
| 003 | CEMS | ||
| 020 | |a 9508921919 | ||
| 082 | 0 | 4 | |a 371.5 |
| 100 | 1 | |a Maldonado, Horacio | |
| 245 | 1 | 0 | |a Convivencia escolar : |b ensayos y experiencias / |c Coompilado Por Horacio Maldonado |
| 260 | |a Buenos Aires : |b Lugar, |c 2004 | ||
| 300 | |a 192 p. | ||
| 505 | 0 | |a Convivencia escolar / Horacio Maldonado -- Aprender a convivir en la escuela : de un paradigma a otro / Horacio Maldonado -- Convivencia escolar : aportes a considerar en el quehacer institucional de la escuela / H. Maldonado, M. del Campo, L. Lemme, S. Paxote, E. López Molina, G. Toranzo -- Prevención de la violencia escolar a través de un servicio de orientación telefónica / H. Maldonado, S. Pasante, E. Virdó, A. Ortiz, M. L. Koham -- Nociones sobre convivencia escolar : análisis de producciones de docentes de nivel primario / Horacio Maldonado, Mónica Fornasari, Susana Berardo, Liliana Capdevila -- Violencia escolar : construcción de un modelo para su análisis / Daniel Lemme -- De la violencia a la convivencia escolar : algunas alternativas de prevención desde las instituciones / Adriana Sismondi, Claudia Torcomian | |
| 653 | |a Convivencia escolar | ||
| 653 | |a Violencia escolar | ||
| 859 | |a CEMS |b BIB. CEMS - 11 de abril |h 371.5 |i M293 |p 25629.09 |t Ej.1 | ||
